Kodiyeri: oru jeevacharithram(കോടിയേരി: ഒരു ജീവചരിത്രം) (Record no. 115788)

MARC details
000 -LEADER
fixed length control field 00281 a2200097 4500
020 ## - INTERNATIONAL STANDARD BOOK NUMBER
International Standard Book Number 9789357321365
100 ## - MAIN ENTRY--PERSONAL NAME
Personal name Preejith Raj
245 ## - TITLE STATEMENT
Title Kodiyeri: oru jeevacharithram(കോടിയേരി: ഒരു ജീവചരിത്രം)
260 ## - PUBLICATION, DISTRIBUTION, ETC. (IMPRINT)
Name of publisher, distributor, etc D C books
Date of publication, distribution, etc 2023
942 ## - ADDED ENTRY ELEMENTS (KOHA)
Koha item type On order/under processing
Holdings
Withdrawn status Lost status Damaged status Not for loan Home library Current library Date acquired Source of acquisition Cost, normal purchase price Total Checkouts Barcode Date last seen Cost, replacement price Price effective from Koha item type
        University Library University Library 12/03/2026 269 199.34   00097870 12/03/2026 299.00 12/03/2026 On order/under processing
University Library, CUSAT